<Der> Onkel aus Pressburg auf österreichischen Spuren durch die Slowakei
Salvato in:
| Autore principale: | |
|---|---|
| Natura: | Libro |
| Lingua: | tedesco |
| Pubblicazione: |
Wien
Amalthea
2009
|
| Edizione: | 3. Aufl. |
| Soggetti: | |
| Tags: |
Nessun Tag, puoi essere il primo ad aggiungerne!!
|
MARC
| LEADER | 00000nam$a2200000$$$4500 | ||
|---|---|---|---|
| 001 | 0113502 | ||
| 005 | 20240314090441.8 | ||
| 020 | |a 978-3-85002-684-0 | ||
| 041 | 0 | |a ger | |
| 044 | |a AT | ||
| 245 | 1 | 0 | |a <Der> Onkel aus Pressburg |b auf österreichischen Spuren durch die Slowakei |
| 250 | |a 3. Aufl. | ||
| 264 | 1 | |a Wien |b Amalthea |c 2009 | |
| 300 | |a 272 s. | ||
| 610 | 2 | 0 | |a história |
| 610 | 2 | 0 | |a mestá |
| 610 | 2 | 0 | |a kultúra |
| 610 | 2 | 0 | |a umenie |
| 610 | 2 | 0 | |a pamiatky |
| 610 | 2 | 0 | |a osobnosť |
| 610 | 2 | 0 | |a Slovensko |
| 610 | 2 | 0 | |a Pressburg |
| 610 | 2 | 0 | |a Bratislava |
| 100 | 1 | |a Grieser, Dietmar | |